000 00507nam a22001937a 4500
003 OSt
005 20180426130448.0
008 180426b xxu||||| |||| 00| 0 eng d
020 _a0486434796
040 _cDDC
082 _a514WIL 1998.
100 _aStephen,Willard;
_912628
245 _aGeneral Topology:
260 _aNew York;
_bDover Publications,INC.
_c1998.
300 _axii,369p;
_bill;
_c22cm.
504 _aincludes Bibliography and index;
650 _aTopology
_95415
942 _2ddc
_cO_SHELF
999 _c6101
_d6101